Đồ họa vi tính: Hướng dẫn sử dụng AutoCAD 2000; T2

محفوظ في:
التفاصيل البيبلوغرافية
المؤلف الرئيسي: Lưu Triều Nguyên
التنسيق: كتاب
اللغة:Undetermined
منشور في: Hà Nội Giáo Dục 2000
الموضوعات:
الوسوم: إضافة وسم
لا توجد وسوم, كن أول من يضع وسما على هذه التسجيلة!
Thư viện lưu trữ: Trung tâm Học liệu Trường Đại học Cần Thơ
LEADER 00706nam a2200193Ia 4500
001 CTU_42024
008 210402s9999 xx 000 0 und d
020 |b 112.000đ 
082 |a 620.00420285 
082 |b Ng527/T2 
100 |a Lưu Triều Nguyên 
245 0 |a Đồ họa vi tính: Hướng dẫn sử dụng AutoCAD 2000; T2 
245 0 |c Lưu Triều Nguyên, Hoàng Đức Hải, Nguyễn Văn Hùng 
260 |a Hà Nội 
260 |b Giáo Dục 
260 |c 2000 
650 |a autocad ( computer programs ),computer drawing languages,computer graphics - computer programs 
904 |i Minh, 010627 
980 |a Trung tâm Học liệu Trường Đại học Cần Thơ